| 000 | 00700na a2200241 4500 | ||
|---|---|---|---|
| 001 | 16587 | ||
| 003 | MIRAKIL | ||
| 005 | 20181213154829.0 | ||
| 008 | 161008b tu 000 0 | ||
| 020 | _a9759553023 | ||
| 035 | _a16587 | ||
| 040 |
_aMilas _btur _cTR-AnCHP |
||
| 041 | _atur | ||
| 082 |
_a956.631 _bA47e 2006 |
||
| 090 | _a956.631 A47e 2006 | ||
| 100 | _aAksu, Vahdet Nafiz | ||
| 245 |
_aErzurum yazıları _bEkonomik, Sosyal, Toplumsal Sorunlar; Çareler _cVahdet Nafiz Aksu |
||
| 260 |
_aAnkara _bDadaşa Merhaba Yayınları _c2006 |
||
| 300 |
_axii, 161 s. _bftg., tbl. _c20 sm. |
||
| 500 | _aYapıt yazarından imzalıdır. | ||
| 651 |
_aErzurum _xDerlemeler |
||
| 942 |
_2ddc _cBKS |
||
| 999 |
_c1613 _d1613 |
||